The Empire of Apostles: (Record no. 192078)

MARC details
000 -LEADER
fixed length control field 00643nam a22001817a 4500
005 - DATE AND TIME OF LATEST TRANSACTION
control field 20220912105119.0
010 ## - LCCN (DPL NO)
LC control number ENG-135015
020 ## - INTERNATIONAL STANDARD BOOK NUMBER
International Standard Book Number 9780199485086
Terms of availability 995.00
035 ## - SYSTEM CONTROL NUMBER
System control number EN-118547
037 ## - SOURCE OF ACQUISITION
Source of stock number/acquisition DBAD/PUB
082 ## - DEWEY DECIMAL CLASSIFICATION NUMBER
Classification number 266.2
100 ## - MAIN ENTRY--PERSONAL NAME
Personal name Chakravarti, Ananya
245 ## - TITLE STATEMENT
Title The Empire of Apostles:
Remainder of title Religion, Accomodatio, and the Imagination of Empire in Early modern Brazil and India/
Statement of responsibility, etc Ananya Chakravarti
260 ## - PUBLICATION, DISTRIBUTION, ETC. (IMPRINT)
Place of publication, distribution, etc New Delhi
Name of publisher, distributor, etc Oxford University Press
Date of publication, distribution, etc 2018
270 ## - ADDRESS
Address 2/11, Ground Floor, Ansari Road, Daryaganj
City New Delhi
Postal code 110002
300 ## - PHYSICAL DESCRIPTION
Extent xi, 355p.
Other physical details Index
Dimensions 22cm(hb)
942 ## - ADDED ENTRY ELEMENTS (KOHA)
Source of classification or shelving scheme Dewey Decimal Classification
Item type English Books
Classification part 266.2
Call number suffix CHA
Holdings
Withdrawn status Lost status Not for loan Collection code Home library Current library Date acquired Source of acquisition Cost, normal purchase price Full call number Barcode Copy number Cost, replacement price Koha item type
      Non-fiction Shahdara Branch Shahdara Branch 12/09/2022 DBAD/PUB 995.00 266.2 CHA EN-118547 1 995.00 English Books

© Delhi Public Library
Hit Counter
free hit counter